Drapeaux des Villes de Bordeciel - Statistiques

Statistiques générales
  • Ce quiz a été pris 7 fois
  • Le résultat moyen est 7 sur 9
Statistiques - réponses
Par images Réponse % Correct
Blancherive
100%
Solitude
100%
Aubétoile
83%
Faillaise
83%
Markarth
83%
Vendeaume
83%
Épervine
67%
Fort hiver
67%
Morthal
50%
Aucun quiz correspondant
Distribution des résultats
% des personnes avec chaque résultat
Percentile par nombre de réponses
Votre historique - résultats
Vous n’avez pas pris ce quiz